Jérémy Frerot - Un homme [paroles] - Statistiques

Statistiques générales
  • Ce quiz a été pris 28 fois
  • Le résultat moyen est 68 sur 113
Statistiques - réponses
Réponse % Correct
un
100%
homme
95%
c’est
90%
je
90%
peu
90%
quoi
90%
regarde
90%
suis
90%
au
86%
comme
86%
dans
86%
de
86%
le
86%
mieux
86%
moi
86%
pas
86%
perdu
86%
pire
86%
plus
86%
pour
86%
que
86%
sais
86%
toi
86%
toi ?
86%
tu
86%
cœur
81%
dis
81%
et
81%
ne
81%
te
81%
veux
81%
vois ?
81%
deux
76%
la
76%
les
76%
me
76%
moins
76%
ni
76%
perds
76%
père
76%
ris
76%
yeux
76%
« accélère »
71%
aux
71%
éclats
71%
poings
71%
qu’est-ce
71%
dis-moi
67%
docile
67%
« ralentis »
67%
regarde-moi
67%
vis
67%
j’oublie
62%
chaud
57%
fragile
57%
froid
57%
j’ai
57%
réinvente
57%
rêveur
57%
sensible
57%
tranquille
57%
amant
52%
bas
52%
cases
52%
cours
52%
crée
52%
crie
52%
dur
52%
être
52%
fort
52%
frère
52%
j’en
52%
ou
52%
phare
52%
si
52%
spleen
52%
autant
48%
fou
48%
là-haut
48%
loin
48%
pote
48%
repère
48%
brille
43%
d’candeur
43%
d’envies
43%
d’vice
43%
feu
43%
glace
43%
ici
43%
j’veux
43%
change
38%
d’sale
38%
libre
38%
m’efface
38%
d’égo
33%
espaces
33%
j’invente
33%
joueur
33%
place
33%
daron
29%
d’autres
29%
d’folie
29%
d’salaud
29%
lance
29%
trouve
29%
classe
24%
d’calme
24%
m’avance
24%
nature
24%
tente
24%
clean
19%
crise
19%
d’rien
19%
Aucun quiz correspondant
Distribution des résultats
% des personnes avec chaque résultat
Percentile par nombre de réponses
Votre historique - résultats
Vous n’avez pas pris ce quiz